000 00302nam a22001337a 4500
999 _c31831
_d31831
003 Nust
005 20170113151000.0
008 170113b xxu||||| |||| 00| 0 eng d
020 _a9788131718674
040 _c.
082 _a515
100 _aThomas, George B
245 _aThomas Calculus
_c George B ,Thomas
250 _a11th ed.
260 _aNew Delhi:
_bPearson Education;
_c2008.
300 _a1 v. (unpaged) ;
_b28 cm.
500 _apaperback.
942 _cBK
_2ddc